| 000 | 00498nam a2200181Ia 4500 | ||
|---|---|---|---|
| 003 | GCL | ||
| 008 | 140319s9999 xx 000 0 eng d | ||
| 040 |
_aGCL / _cGCL |
||
| 082 | 0 | 4 |
_a428.2407 _bD T |
| 100 | 1 | _aDOFF ADRAIN | |
| 245 | 1 | 0 |
_aTEACH ENGLISH: ATRAINING COURSE FOR TEACHERS / _cDOFF ADRAIN |
| 260 |
_a[S.N] : _bCAMBRIBGE UNIVERSITY PRESS ، _c1994 |
||
| 300 | _a139 PP | ||
| 650 | 0 | 4 | _aFOREIGN SPEAKERS |
| 650 | 0 | 4 | _aSTUDY AND TEACHING |
| 650 | 0 | 4 | _aENGLISH LANGUAGE |
| 942 |
_2ddc _cBK |
||
| 999 |
_c25558 _d25558 |
||